00468nam a2200193 a 4500001001300000003000900013005001700022008004100039020000800080082001500088100002000103245002100123260003600144300000900180500003500189505001000224650002000234700002000254nice12345678IN_TiNIC20260116011605.0050524s1964 deoa grp 000 0 urd  ac300a297.2bMAH aMahirul, Qadiri aBiddat Kiya Hai? aDeobandbMaktaba Taiyyabac1964 a300p aincludes index and biblioraphy2 aTable aIslam-Doctrines1 aMahirul, Qadiri